Verejná správa a spoločnosť [elektronický vedecký časopis]

Vedecké práce, príspevky a recenzie obsahovo orientované na teóriu a prax verejnej správy. Kreovanie a rozvíjanie vedy verejnej správy ako samostatnej vednej disciplíny. Sprostredkovanie najnovších vedeckých poznatkov pre prax verejnej správy.

Salvato in:
Dettagli Bibliografici
Natura: Periodico
Lingua:slovacco
ceco
inglese
Pubblicazione: Košice Fakulta verejnej správy Univerzity Pavla Jozefa Šafárika
Soggetti:
Tags: Aggiungi Tag
Nessun Tag, puoi essere il primo ad aggiungerne!!

MARC

LEADER 00000nas1a2200000 4500
001 0050599
005 20260209083850.3
022 |a 2453-9236 
022 |a 1335-7182 
041 0 |a slo 
041 0 |a cze 
041 0 |a eng 
044 |a SK 
245 1 0 |a Verejná správa a spoločnosť  |b [elektronický vedecký časopis] 
264 1 |a Košice  |b Fakulta verejnej správy Univerzity Pavla Jozefa Šafárika 
500 |a Od roku 2023 vychádza v online verzii 
500 |a V roku 2016-2017 vychádzala iba elektronická verzia časopisu 
520 |a Vedecké práce, príspevky a recenzie obsahovo orientované na teóriu a prax verejnej správy. Kreovanie a rozvíjanie vedy verejnej správy ako samostatnej vednej disciplíny. Sprostredkovanie najnovších vedeckých poznatkov pre prax verejnej správy. 
610 2 0 |a správa verejná 
610 2 0 |a teória a prax 
610 2 0 |a spoločnosť 
610 2 0 |a ekonomika verejná